{"text_format":"3","workbook":"xlsx","n_sheets":1,"sheets":["t598"],"read":"whole","date_system":"1900"}

{"sheet":"t598","index":0,"n_rows":197,"n_cols":7,"rows_kept":197,"merged":[[0,0,0,6],[30,0,30,5],[50,0,50,5],[151,0,151,5]]}
["TABELA 598.1 - Estatísticas Agrícolas, Município de Taubaté, Estado de São Paulo, 2007/08."]
["ITEM","UNIDADE","N.DE UPAs","MÍNIMO","MÉDIO","MÁXIMO","TOTAL"]
["Distância à sede do município","km",431,{"v":1,"d":"1.0"},{"v":17.73,"d":"17.7"},{"v":42,"d":"42.0"},"-"]
["Área total","hectare",431,1.5,{"v":98.78,"d":"98.8"},{"v":1677,"d":"1,677.0"},{"v":42576.3,"d":"42,576.3"}]
["Área com cultura perene","hectare",67,0.1,1.6,10.7,107.5]
["Área com cultura temporária","hectare",219,0.1,9.8,{"v":210,"d":"210.0"},{"v":2146.3,"d":"2,146.3"}]
["Área com pastagem","hectare",398,0.5,{"v":67.55,"d":"67.6"},{"v":815,"d":"815.0"},{"v":26886.8,"d":"26,886.8"}]
["Área com reflorestamento","hectare",95,0.1,{"v":67.71,"d":"67.7"},{"v":1648,"d":"1,648.0"},{"v":6432.2,"d":"6,432.2"}]
["Área com vegetação natural","hectare",289,0.1,{"v":19.04,"d":"19.0"},{"v":315,"d":"315.0"},{"v":5501.8,"d":"5,501.8"}]
["Área com vegetação de brejo e várzea","hectare",1,{"v":12,"d":"12.0"},{"v":12,"d":"12.0"},{"v":12,"d":"12.0"},{"v":12,"d":"12.0"}]
["Área em descanso","hectare",6,0.8,{"v":12.87,"d":"12.9"},{"v":53,"d":"53.0"},77.2]
["Área complementar","hectare",421,0.1,{"v":3.36,"d":"3.4"},229.2,{"v":1412.5,"d":"1,412.5"}]
["Área das UPAs com (0, 1] ha","hectare","-","-","-","-","-"]
["Área das UPAs com (1, 2] ha","hectare",3,1.5,{"v":1.83,"d":"1.8"},{"v":2,"d":"2.0"},5.5]
["Área das UPAs com (2, 5] ha","hectare",17,2.1,{"v":3.64,"d":"3.6"},{"v":5,"d":"5.0"},61.9]
["Área das UPAs com (5, 10] ha","hectare",27,5.4,{"v":7.93,"d":"7.9"},{"v":10,"d":"10.0"},214.1]
["Área das UPAs com (10, 20] ha","hectare",62,10.5,15.2,19.4,942.4]
["Área das UPAs com (20, 50] ha","hectare",120,20.4,{"v":34.62,"d":"34.6"},{"v":50,"d":"50.0"},{"v":4154.3,"d":"4,154.3"}]
["Área das UPAs com (50, 100] ha","hectare",89,50.2,{"v":71.89,"d":"71.9"},96.8,{"v":6398.5,"d":"6,398.5"}]
["Área das UPAs com (100, 200] ha","hectare",60,105.6,{"v":148.54,"d":"148.5"},193.6,{"v":8912.6,"d":"8,912.6"}]
["Área das UPAs com (200, 500] ha","hectare",41,203.2,{"v":302.06,"d":"302.1"},484.8,{"v":12384.6,"d":"12,384.6"}]
["Área das UPAs com (500, 1.000] ha","hectare",10,517.5,{"v":662.54,"d":"662.5"},914.3,{"v":6625.4,"d":"6,625.4"}]
["Área das UPAs com (1.000, 2.000] ha","hectare",2,{"v":1200,"d":"1,200.0"},{"v":1438.5,"d":"1,438.5"},{"v":1677,"d":"1,677.0"},{"v":2877,"d":"2,877.0"}]
["Área das UPAs com (2.000, 5.000] ha","hectare","-","-","-","-","-"]
["Área das UPAs com (5.000, 10.000] ha","hectare","-","-","-","-","-"]
["Área das UPAs acima de 10.000 ha","hectare","-","-","-","-","-"]
["Familiares do proprietário que trabalham na UPA","unidade",267,{"v":1,"d":"1.0"},{"v":1.95,"d":"2.0"},{"v":8,"d":"8.0"},{"v":521,"d":"521.0"}]
["Trabalhadores permanentes","unidade",256,{"v":1,"d":"1.0"},{"v":3.14,"d":"3.1"},{"v":128,"d":"128.0"},{"v":805,"d":"805.0"}]
["Fonte: Secretaria de Agricultura e Abastecimento, CDRS/IEA, Projeto LUPA."]
[]
["TABELA 598.2 - Explorações Animais, Município de Taubaté, Estado de São Paulo, 2007/08."]
["ITEM","UNIDADE","N.DE UPAs","MÍNIMO","MÉDIO","MÁXIMO","TOTAL"]
["Apicultura","colmeias",4,{"v":17,"d":"17.0"},25.5,{"v":30,"d":"30.0"},{"v":102,"d":"102.0"}]
["Avicultura de Corte","cabeças/ano",4,{"v":10,"d":"10.0"},{"v":48.75,"d":"48.8"},{"v":150,"d":"150.0"},{"v":195,"d":"195.0"}]
["Avicultura Ornamental/Decorativa/Exótica","cabeças",2,{"v":7,"d":"7.0"},{"v":16,"d":"16.0"},{"v":25,"d":"25.0"},{"v":32,"d":"32.0"}]
["Avicultura para Ovos","cabeças",131,{"v":2,"d":"2.0"},{"v":40.53,"d":"40.5"},{"v":400,"d":"400.0"},{"v":5309,"d":"5,309.0"}]
["Bovinocultura de Corte","cabeças",112,{"v":4,"d":"4.0"},{"v":78.54,"d":"78.5"},{"v":900,"d":"900.0"},{"v":8797,"d":"8,797.0"}]
["Bovinocultura Leiteira","cabeças",170,{"v":2,"d":"2.0"},{"v":77.55,"d":"77.6"},{"v":530,"d":"530.0"},{"v":13183,"d":"13,183.0"}]
["Bovinocultura Mista","cabeças",62,{"v":1,"d":"1.0"},{"v":58.03,"d":"58.0"},{"v":556,"d":"556.0"},{"v":3598,"d":"3,598.0"}]
["Caprinocultura","cabeças",3,{"v":10,"d":"10.0"},{"v":77.33,"d":"77.3"},{"v":200,"d":"200.0"},{"v":232,"d":"232.0"}]
["Codornicultura","cabeças",1,{"v":400,"d":"400.0"},{"v":400,"d":"400.0"},{"v":400,"d":"400.0"},{"v":400,"d":"400.0"}]
["Equinocultura","cabeças",247,{"v":1,"d":"1.0"},{"v":5.55,"d":"5.6"},{"v":200,"d":"200.0"},{"v":1370,"d":"1,370.0"}]
["Jacarés (Criadouro)","cabeças",1,{"v":30,"d":"30.0"},{"v":30,"d":"30.0"},{"v":30,"d":"30.0"},{"v":30,"d":"30.0"}]
["Javalis (Criadouro)","cabeças",1,{"v":7,"d":"7.0"},{"v":7,"d":"7.0"},{"v":7,"d":"7.0"},{"v":7,"d":"7.0"}]
["Minhocultura","canteiros",1,{"v":2,"d":"2.0"},{"v":2,"d":"2.0"},{"v":2,"d":"2.0"},{"v":2,"d":"2.0"}]
["Ovinocultura","cabeças",7,{"v":2,"d":"2.0"},{"v":32.57,"d":"32.6"},{"v":80,"d":"80.0"},{"v":228,"d":"228.0"}]
["Piscicultura","m² tanques",10,{"v":3,"d":"3.0"},{"v":7467.3,"d":"7,467.3"},{"v":50000,"d":"50,000.0"},{"v":74673,"d":"74,673.0"}]
["Suinocultura","cabeças",55,{"v":1,"d":"1.0"},{"v":9.42,"d":"9.4"},{"v":40,"d":"40.0"},{"v":518,"d":"518.0"}]
["Fonte: Secretaria de Agricultura e Abastecimento, CDRS/IEA, Projeto LUPA."]
[]
["TABELA 598.3 -  Máquinas, Implementos e Benfeitorias, Município de Taubaté, Estado de São Paulo, 2007/08."]
["ITEM","UNIDADE","N.DE UPAs","MÍNIMO","MÉDIO","MÁXIMO","TOTAL"]
["Arado Comum (Bacia, Aiveca)","Unidade",14,{"v":1,"d":"1.0"},{"v":1.21,"d":"1.2"},{"v":3,"d":"3.0"},{"v":17,"d":"17.0"}]
["Arado Escarificador","Unidade",4,{"v":1,"d":"1.0"},{"v":1,"d":"1.0"},{"v":1,"d":"1.0"},{"v":4,"d":"4.0"}]
["Arado Subsolador","Unidade",4,{"v":1,"d":"1.0"},{"v":1.25,"d":"1.3"},{"v":2,"d":"2.0"},{"v":5,"d":"5.0"}]
["Batedeira de Cereais","Unidade",3,{"v":1,"d":"1.0"},{"v":1,"d":"1.0"},{"v":1,"d":"1.0"},{"v":3,"d":"3.0"}]
["Câmara Fria","Unidade",1,{"v":1,"d":"1.0"},{"v":1,"d":"1.0"},{"v":1,"d":"1.0"},{"v":1,"d":"1.0"}]
["Colhedeira Acoplada","Unidade",1,{"v":1,"d":"1.0"},{"v":1,"d":"1.0"},{"v":1,"d":"1.0"},{"v":1,"d":"1.0"}]
["Colhedeira Automotriz","Unidade",21,{"v":1,"d":"1.0"},{"v":1.24,"d":"1.2"},{"v":3,"d":"3.0"},{"v":26,"d":"26.0"}]
["Conj.Irrigação Convencional","Unidade",24,{"v":1,"d":"1.0"},{"v":1.33,"d":"1.3"},{"v":3,"d":"3.0"},{"v":32,"d":"32.0"}]
["Conj.Irrigação/Gotejamento/Microaspersão","Unidade",4,{"v":1,"d":"1.0"},{"v":1.75,"d":"1.8"},{"v":4,"d":"4.0"},{"v":7,"d":"7.0"}]
["Desintegrador, Picador, Triturador","Unidade",243,{"v":1,"d":"1.0"},{"v":1.24,"d":"1.2"},{"v":5,"d":"5.0"},{"v":302,"d":"302.0"}]
["Distribuidor de Calcário","Unidade",1,{"v":1,"d":"1.0"},{"v":1,"d":"1.0"},{"v":1,"d":"1.0"},{"v":1,"d":"1.0"}]
["Ensiladeira","Unidade",34,{"v":1,"d":"1.0"},{"v":1.09,"d":"1.1"},{"v":2,"d":"2.0"},{"v":37,"d":"37.0"}]
["Grade Aradora (Tipo Romi)","Unidade",5,{"v":1,"d":"1.0"},1.6,{"v":4,"d":"4.0"},{"v":8,"d":"8.0"}]
["Grade Niveladora","Unidade",12,{"v":1,"d":"1.0"},{"v":1.08,"d":"1.1"},{"v":2,"d":"2.0"},{"v":13,"d":"13.0"}]
["Implementos para Tração Animal","Unidade",1,{"v":1,"d":"1.0"},{"v":1,"d":"1.0"},{"v":1,"d":"1.0"},{"v":1,"d":"1.0"}]
["Microtrator","Unidade",13,{"v":1,"d":"1.0"},{"v":1.38,"d":"1.4"},{"v":2,"d":"2.0"},{"v":18,"d":"18.0"}]
["Misturador de Ração","Unidade",9,{"v":1,"d":"1.0"},{"v":1.11,"d":"1.1"},{"v":2,"d":"2.0"},{"v":10,"d":"10.0"}]
["Ordenhadeira Mecânica","Unidade",55,{"v":1,"d":"1.0"},{"v":1.15,"d":"1.2"},{"v":4,"d":"4.0"},{"v":63,"d":"63.0"}]
["Pulverizador Tratorizado","Unidade",8,{"v":1,"d":"1.0"},1.5,{"v":4,"d":"4.0"},{"v":12,"d":"12.0"}]
["Resfriador de Leite, Tanque Expansão","Unidade",84,{"v":1,"d":"1.0"},{"v":1.11,"d":"1.1"},{"v":3,"d":"3.0"},{"v":93,"d":"93.0"}]
["Semeadeira/Adubadeira para Plantio Convencional","Unidade",5,{"v":1,"d":"1.0"},{"v":1,"d":"1.0"},{"v":1,"d":"1.0"},{"v":5,"d":"5.0"}]
["Semeadeira/Plantadeira Plantio Direto","Unidade",7,{"v":1,"d":"1.0"},{"v":1.86,"d":"1.9"},{"v":4,"d":"4.0"},{"v":13,"d":"13.0"}]
["Trator de Esteiras","Unidade",2,{"v":1,"d":"1.0"},{"v":1,"d":"1.0"},{"v":1,"d":"1.0"},{"v":2,"d":"2.0"}]
["Trator de Pneus","Unidade",158,{"v":1,"d":"1.0"},{"v":1.71,"d":"1.7"},{"v":11,"d":"11.0"},{"v":270,"d":"270.0"}]
["Açude/Represa","Unidade",104,{"v":1,"d":"1.0"},{"v":2.06,"d":"2.1"},{"v":8,"d":"8.0"},{"v":214,"d":"214.0"}]
["Almoxarifado/Oficina","Unidade",9,{"v":1,"d":"1.0"},{"v":1.11,"d":"1.1"},{"v":2,"d":"2.0"},{"v":10,"d":"10.0"}]
["Armazém para Grãos Ensacados","Sacas",1,{"v":1,"d":"1.0"},{"v":1,"d":"1.0"},{"v":1,"d":"1.0"},{"v":1,"d":"1.0"}]
["Balança para Bovinos","Unidade",3,{"v":1,"d":"1.0"},{"v":1,"d":"1.0"},{"v":1,"d":"1.0"},{"v":3,"d":"3.0"}]
["Barracão para Granja/Avicultura","Unidade",37,{"v":1,"d":"1.0"},{"v":1.08,"d":"1.1"},{"v":4,"d":"4.0"},{"v":40,"d":"40.0"}]
["Barracão/Galpão/Garagem","Unidade",146,{"v":1,"d":"1.0"},{"v":1.81,"d":"1.8"},{"v":10,"d":"10.0"},{"v":264,"d":"264.0"}]
["Biodigestor","Unidade",1,{"v":1,"d":"1.0"},{"v":1,"d":"1.0"},{"v":1,"d":"1.0"},{"v":1,"d":"1.0"}]
["Casa de Moradia Habitada","Unidade",392,{"v":1,"d":"1.0"},{"v":2.98,"d":"3.0"},{"v":30,"d":"30.0"},{"v":1168,"d":"1,168.0"}]
["Casa de Moradia Total","Unidade",398,{"v":1,"d":"1.0"},{"v":3.36,"d":"3.4"},{"v":32,"d":"32.0"},{"v":1338,"d":"1,338.0"}]
["Curral/Mangueira","Unidade",193,{"v":1,"d":"1.0"},{"v":1.08,"d":"1.1"},{"v":4,"d":"4.0"},{"v":208,"d":"208.0"}]
["Depósito/Tulha","Unidade",34,{"v":1,"d":"1.0"},{"v":1.24,"d":"1.2"},{"v":3,"d":"3.0"},{"v":42,"d":"42.0"}]
["Engenho","Unidade",4,{"v":1,"d":"1.0"},{"v":1.25,"d":"1.3"},{"v":2,"d":"2.0"},{"v":5,"d":"5.0"}]
["Estábulo","Unidade",119,{"v":1,"d":"1.0"},{"v":1.12,"d":"1.1"},{"v":3,"d":"3.0"},{"v":133,"d":"133.0"}]
["Estufa/Plasticultura","m²",12,{"v":1,"d":"1.0"},{"v":3378.08,"d":"3,378.1"},{"v":21600,"d":"21,600.0"},{"v":40537,"d":"40,537.0"}]
["Instalações para Equinos","Unidade",6,{"v":1,"d":"1.0"},{"v":5.33,"d":"5.3"},{"v":23,"d":"23.0"},{"v":32,"d":"32.0"}]
["Máquina de Benefício","Unidade",1,{"v":1,"d":"1.0"},{"v":1,"d":"1.0"},{"v":1,"d":"1.0"},{"v":1,"d":"1.0"}]
["Olaria","Unidade",3,{"v":1,"d":"1.0"},{"v":1,"d":"1.0"},{"v":1,"d":"1.0"},{"v":3,"d":"3.0"}]
["Packing House","Unidade",1,{"v":1,"d":"1.0"},{"v":1,"d":"1.0"},{"v":1,"d":"1.0"},{"v":1,"d":"1.0"}]
["Pocilga","Unidade",13,{"v":1,"d":"1.0"},{"v":1.08,"d":"1.1"},{"v":2,"d":"2.0"},{"v":14,"d":"14.0"}]
["Poço Semi-Artesiano","Unidade",5,{"v":1,"d":"1.0"},1.4,{"v":3,"d":"3.0"},{"v":7,"d":"7.0"}]
["Secador de Grãos","Unidade",13,{"v":1,"d":"1.0"},{"v":1.15,"d":"1.2"},{"v":2,"d":"2.0"},{"v":15,"d":"15.0"}]
["Silo para Grãos","t",9,{"v":1,"d":"1.0"},{"v":199.78,"d":"199.8"},{"v":600,"d":"600.0"},{"v":1798,"d":"1,798.0"}]
["Silo para Silagem","t",31,{"v":1,"d":"1.0"},{"v":263,"d":"263.0"},{"v":1000,"d":"1,000.0"},{"v":8153,"d":"8,153.0"}]
["Terreiro","m²",7,{"v":1,"d":"1.0"},{"v":214.43,"d":"214.4"},{"v":500,"d":"500.0"},{"v":1501,"d":"1,501.0"}]
["Fonte: Secretaria de Agricultura e Abastecimento, CDRS/IEA, Projeto LUPA."]
[]
["TABELA 598.4 - Outras Estatísticas Agrícolas, Município de Taubaté, Estado de São Paulo, 2007/08."]
["ITEM","Número de UPAs",null,"Percentual"]
["Faz Parte de Associação de Produtores",36,null,{"v":8.352668213457076,"d":"8.4"}]
["Faz Parte de Cooperativa de Produtores",173,null,{"v":40.13921113689095,"d":"40.1"}]
["Faz Parte do Sindicato de Produtores",233,null,{"v":54.06032482598608,"d":"54.1"}]
["Não utiliza assistência técnica ",163,null,{"v":37.81902552204176,"d":"37.8"}]
["Utiliza somente assistência técnica governamental ",5,null,{"v":1.160092807424594,"d":"1.2"}]
["Utiliza somente assistência técnica privada ",197,null,{"v":45.707656612529,"d":"45.7"}]
["Utiliza assistência técnica tanto governamental quanto privada",66,null,{"v":15.31322505800464,"d":"15.3"}]
["Utiliza Crédito Rural",40,null,{"v":9.280742459396752,"d":"9.3"}]
["Utiliza Seguro Rural",8,null,{"v":1.8561484918793503,"d":"1.9"}]
["Utiliza Escrituração Agrícola",159,null,{"v":36.890951276102086,"d":"36.9"}]
["Acessa Internet p/ Fins na Agropecuária",84,null,{"v":19.489559164733176,"d":"19.5"}]
["Utiliza Computador nas Atividades Agropecuárias",84,null,{"v":19.489559164733176,"d":"19.5"}]
["Utiliza Energia Elétrica Para Uso na Atividade Agrícola",420,null,{"v":97.44779582366588,"d":"97.4"}]
["Realiza Análise de Solo, quando necessário",69,null,{"v":16.009280742459396,"d":"16.0"}]
["Utiliza Práticas de Conservação de Solo, quando necessário",78,null,{"v":18.097447795823665,"d":"18.1"}]
["Faz Adubação Mineral, quando necessário",211,null,{"v":48.95591647331786,"d":"49.0"}]
["Faz Adubação Orgânica, quando necessário",270,null,{"v":62.64501160092808,"d":"62.6"}]
["Faz Adubação Verde, quando necessário",76,null,{"v":17.633410672853827,"d":"17.6"}]
["Utiliza Manejo Integrado de Pragas (MIP)",5,null,{"v":1.160092807424594,"d":"1.2"}]
["Utiliza Hidroponia",2,null,{"v":0.46403712296983757,"d":"0.5"}]
["Utiliza Plasticultura",8,null,{"v":1.8561484918793503,"d":"1.9"}]
["Utiliza Mudas Fiscalizadas",66,null,{"v":15.31322505800464,"d":"15.3"}]
["Utiliza Semente Melhorada",192,null,{"v":44.54756380510441,"d":"44.5"}]
["Faz Confinamento de Bovinos",4,null,{"v":0.9280742459396751,"d":"0.9"}]
["Utiliza Pastejo Intensivo",52,null,{"v":12.064965197215777,"d":"12.1"}]
["Faz Inseminação Artificial",51,null,{"v":11.832946635730856,"d":"11.8"}]
["Faz Mineralização do Rebanho",320,null,{"v":74.24593967517401,"d":"74.2"}]
["Faz Vermifugação do Rebanho",321,null,{"v":74.47795823665894,"d":"74.5"}]
["Possui Parceiros /Arrendatários na Exploração Animal",57,null,{"v":13.22505800464037,"d":"13.2"}]
["Esporte e lazer",5,null,{"v":1.160092807424594,"d":"1.2"}]
["Extração mineral",2,null,{"v":0.46403712296983757,"d":"0.5"}]
["Hotel Fazenda, Pousada ou SPA",2,null,{"v":0.46403712296983757,"d":"0.5"}]
["Pesque-pague",2,null,{"v":0.46403712296983757,"d":"0.5"}]
["Restaurante ou Lanchonete",4,null,{"v":0.9280742459396751,"d":"0.9"}]
["Transformação artesanal","-",null,"-"]
["Turismo rural ou ecoturismo",2,null,{"v":0.46403712296983757,"d":"0.5"}]
["Outras atividades econômicas rurais",10,null,{"v":2.320185614849188,"d":"2.3"}]
["Agroindústria",1,null,{"v":0.23201856148491878,"d":"0.2"}]
["Proprietário sem instrução ou com instrução incompleta",21,null,{"v":4.872389791183295,"d":"4.9"}]
["Proprietário com antigo primário completo",137,null,{"v":31.786542923433878,"d":"31.8"}]
["Proprietário com 1° grau (ou antigo ginasial) completo",64,null,{"v":14.849187935034802,"d":"14.8"}]
["Proprietário com 2° grau (ou antigo colegial) completo",56,null,{"v":12.993039443155453,"d":"13.0"}]
["Proprietário com curso superior completo ",136,null,{"v":31.554524361948957,"d":"31.6"}]
["Pessoa Jurídica",17,null,{"v":3.9443155452436196,"d":"3.9"}]
["Proprietário residente na própria UPA ",134,null,{"v":31.09048723897912,"d":"31.1"}]
["Fonte: Secretaria de Agricultura e Abastecimento, CDRS/IEA, Projeto LUPA."]
[]
["TABELA 598.5 - Área Cultivada, Município de Taubaté, Estado de São Paulo, 2007/08."]
["CULTURA","N.DE UPAs","MÍNIMO","MÉDIO","MÁXIMO","TOTAL"]
["Braquiaria",305,0.3,{"v":53.26,"d":"53.3"},{"v":800,"d":"800.0"},{"v":16245.5,"d":"16,245.5"}]
["Outras gramineas para pastagem",188,0.4,50.6,694.1,{"v":9512.2,"d":"9,512.2"}]
["Eucalipto",93,0.1,{"v":68.46,"d":"68.5"},{"v":1648,"d":"1,648.0"},{"v":6367,"d":"6,367.0"}]
["Capim-napier (ou capim-elefante)",195,0.1,{"v":4.62,"d":"4.6"},{"v":58,"d":"58.0"},901.5]
["Arroz",20,{"v":4,"d":"4.0"},{"v":43.27,"d":"43.3"},{"v":210,"d":"210.0"},865.3]
["Milho",100,0.1,{"v":7.15,"d":"7.2"},{"v":150,"d":"150.0"},714.9]
["Cana-de-acucar",120,0.1,{"v":2.82,"d":"2.8"},24.5,338.3]
["Feijao",17,0.1,{"v":11.44,"d":"11.4"},{"v":70,"d":"70.0"},194.5]
["Gramas",10,0.2,{"v":14.77,"d":"14.8"},{"v":60,"d":"60.0"},147.7]
["Aveia",4,{"v":1,"d":"1.0"},26.5,{"v":75,"d":"75.0"},{"v":106,"d":"106.0"}]
["Milho-silagem",3,14.4,{"v":20.83,"d":"20.8"},29.1,62.5]
["Pinus",3,2.4,{"v":17.13,"d":"17.1"},{"v":25,"d":"25.0"},51.4]
["Outras leguminosas para pastagem",1,43.5,43.5,43.5,43.5]
["Laranja",35,0.1,{"v":1.06,"d":"1.1"},7.2,{"v":37,"d":"37.0"}]
["Outras olericolas",22,0.3,{"v":1.57,"d":"1.6"},3.5,34.6]
["Banana",16,0.1,{"v":1.94,"d":"1.9"},{"v":10,"d":"10.0"},31.1]
["Coloniao",6,1.6,{"v":5.07,"d":"5.1"},15.2,30.4]
["Alface",12,0.4,1.5,3.5,{"v":18,"d":"18.0"}]
["Mandioca",8,0.1,{"v":1.94,"d":"1.9"},{"v":8,"d":"8.0"},15.5]
["Outras florestais",3,{"v":2,"d":"2.0"},4.6,7.8,13.8]
["Outras culturas temporárias",2,{"v":2,"d":"2.0"},{"v":5,"d":"5.0"},{"v":8,"d":"8.0"},{"v":10,"d":"10.0"}]
["Cafe",2,{"v":2,"d":"2.0"},{"v":5,"d":"5.0"},{"v":8,"d":"8.0"},{"v":10,"d":"10.0"}]
["Couve (ou couve-crespa)",5,0.2,1.8,3.5,{"v":9,"d":"9.0"}]
["Caqui",5,0.1,{"v":1.74,"d":"1.7"},5.2,8.7]
["Pomar domestico",14,0.1,{"v":0.57,"d":"0.6"},{"v":2,"d":"2.0"},{"v":8,"d":"8.0"}]
["Setaria",1,{"v":6,"d":"6.0"},{"v":6,"d":"6.0"},{"v":6,"d":"6.0"},{"v":6,"d":"6.0"}]
["Floricultura para corte",4,0.1,{"v":1.33,"d":"1.3"},2.2,5.3]
["Brocolos (ou brocolis)",5,0.3,{"v":1.02,"d":"1.0"},2.9,5.1]
["Couve-flor",4,0.4,1.1,{"v":3,"d":"3.0"},4.4]
["Tangerina",1,{"v":4,"d":"4.0"},{"v":4,"d":"4.0"},{"v":4,"d":"4.0"},{"v":4,"d":"4.0"}]
["Lichia",1,{"v":4,"d":"4.0"},{"v":4,"d":"4.0"},{"v":4,"d":"4.0"},{"v":4,"d":"4.0"}]
["Sorgo",2,{"v":2,"d":"2.0"},{"v":2,"d":"2.0"},{"v":2,"d":"2.0"},{"v":4,"d":"4.0"}]
["Espinafre (ou espinafre-europeu)",2,{"v":1,"d":"1.0"},{"v":1.95,"d":"2.0"},2.9,3.9]
["Berinjela",3,0.4,{"v":1.27,"d":"1.3"},2.4,3.8]
["Pitanga",1,2.7,2.7,2.7,2.7]
["Milho-doce",1,{"v":2,"d":"2.0"},{"v":2,"d":"2.0"},{"v":2,"d":"2.0"},{"v":2,"d":"2.0"}]
["Chicoria (ou chicoria-de-folha-crespa)",2,0.2,0.6,{"v":1,"d":"1.0"},1.2]
["Maracuja",2,0.2,0.6,{"v":1,"d":"1.0"},1.2]
["Floricultura para vaso",1,{"v":1,"d":"1.0"},{"v":1,"d":"1.0"},{"v":1,"d":"1.0"},{"v":1,"d":"1.0"}]
["Morango",1,{"v":1,"d":"1.0"},{"v":1,"d":"1.0"},{"v":1,"d":"1.0"},{"v":1,"d":"1.0"}]
["Outras frutiferas",1,{"v":1,"d":"1.0"},{"v":1,"d":"1.0"},{"v":1,"d":"1.0"},{"v":1,"d":"1.0"}]
["Horta domestica",1,{"v":1,"d":"1.0"},{"v":1,"d":"1.0"},{"v":1,"d":"1.0"},{"v":1,"d":"1.0"}]
["Tomate envarado",1,0.2,0.2,0.2,0.2]
["Fonte: Secretaria de Agricultura e Abastecimento, CDRS/IEA, Projeto LUPA."]